| 000 | 01103cam a2200193 4500 | ||
|---|---|---|---|
| 001 | WB3808-01 | ||
| 008 | 020226n2002 000 0 eng u | ||
| 035 | _a(Sirsi) u116845 | ||
| 245 | _aAttribution rules could be redefined | ||
| 260 | _c2002 | ||
| 490 |
_aAntiques Trade Gazette _v(1527) 23 February 2002, 1&2(1) |
||
| 520 | _aDepending on the final judgement, the case "Drake v Agnew's" could change the rules and conventions on attribution in UK art sales. Texan millionaire art collector Richard Drake bought a portrait from Agnew's believing it to be by Van Dyck but later doubt was thrown onto its provenance. Drake claims that Agnew's had a contract to guarantee the authorship of the work. Given that many leading artists only painted the important parts of a painting attributed to them, a ruling in favour of Drake could create a precedent preventing those dealing in art from attributing even masterpieces directly to their artists. | ||
| 590 | _aWB | ||
| 650 | _aPAINTINGS | ||
| 650 | _aATTRIBUTION | ||
| 650 | _aDRAKE V AGNEW'S | ||
| 690 |
_aArts and antiques _96217 |
||
| 942 | _n0 | ||
| 999 |
_c69588 _d69588 |
||